Arrorró /
Guardado en:
| Autor Principal: | |
|---|---|
| Otros Autores: | |
| Formato: | Libro |
| Publicado: |
Buenos Aires :
Pequeño Editor,
2015
|
| Series: | Panzada de letras
|
| Materias: | |
| Etiquetas: |
Agregar Etiqueta
Sin Etiquetas, Sea el primero en etiquetar este registro!
|
| LEADER | 00854nam a22002655a 4500 | ||
|---|---|---|---|
| 001 | CEM.cems015231 | ||
| 008 | 130507s2015##################000#0#####d | ||
| 005 | 20250602155541.0 | ||
| 245 | 1 | 0 | |a Arrorró / |c Ruth Kaufman ; ilustrado Por Cristian Turdera |
| 260 | |a Buenos Aires : |b Pequeño Editor, |c 2015 | ||
| 300 | |a 24 p. | ||
| 490 | 0 | |a Panzada de letras | |
| 020 | |a 9789871374656 | ||
| 100 | 1 | |a Kaufman, Ruth | |
| 700 | 1 | |a Turdera, Cristian | |
| 082 | 0 | 4 | |a A861.4 |
| 653 | |a Literatura | ||
| 653 | |a Literatura argentina | ||
| 653 | |a Literatura infantil | ||
| 653 | |a Cuentos infantiles | ||
| 653 | |a Colección ciencias de la educación | ||
| 653 | |a Poesía | ||
| 653 | |a Poesía infantil | ||
| 859 | |a CEMS |b BIB. CEMS - Inicial y Primaria |h A861.4 |i K162-2 |k IP |p 5848 |t Ej.1 | ||
| 859 | |a CEMS |b BIB. CEMS - Ccias. Educacion |h A861.4 |i K162-2 |k CE |p 28451.19 |t Ej.1 | ||
